[Event "26th EUR-ch"]
[Site "Katowice POL"]
[Date "2026.04.13"]
[Round "6.217"]
[White "Babinska, Liwia"]
[Black "Bognar, Csaba"]
[Result "1/2-1/2"]
[WhiteElo "1763"]
[BlackElo "2057"]
[EventDate "2026.04.07"]
[PlyCount "62"]

1.e4 d6 2.d4 Nf6 3.Nc3 g6 4.Nf3 Bg7 5.Be3 c6 6.Bd3 O-O 7.Qd2 Ng4 8.Bf4 e5 
9.dxe5 dxe5 10.Bg3 Qe7 11.h3 Nf6 12.Bxe5 Nxe4 13.Nxe4 Bxe5 14.Nxe5 Qxe5 
15.O-O-O Be6 16.f4 Qg7 17.Kb1 Nd7 18.Ng5 Nc5 19.Nxe6 fxe6 20.Qe3 Nxd3 21.
Rxd3 Rae8 22.Rhd1 a6 23.g3 Re7 24.Qc5 Rfe8 25.Qc4 Qf7 26.b3 e5 27.Qxf7+ 
Kxf7 28.fxe5 Rxe5 29.Rd7+ R8e7 30.Rxe7+ Kxe7 31.Rd3 h5 1/2-1/2

[Event "26th EUR-ch"]
[Site "Katowice POL"]
[Date "2026.04.13"]
[Round "6.218"]
[White "Kulich, Daniel"]
[Black "Truchel, Tomasz"]
[Result "1-0"]
[WhiteElo "2045"]
[BlackElo "1698"]
[EventDate "2026.04.07"]
[PlyCount "89"]

1.e4 e5 2.Nf3 Nc6 3.Bb5 Bc5 4.c3 a6 5.Bxc6 dxc6 6.Nxe5 Qg5 7.O-O Qxe5 8.d4
Qe7 9.dxc5 Qxc5 10.Be3 Qe7 11.Re1 Bd7 12.f4 Nf6 13.Nd2 O-O 14.b4 b6 15.h3 
Rfd8 16.Qf3 a5 17.a3 Ne8 18.e5 f6 19.exf6 Qxf6 20.Bd4 Qf7 21.Ne4 h6 22.g4 
Be6 23.Ng3 Bd5 24.Qe3 Nf6 25.Nf5 axb4 26.cxb4 Re8 27.Qc3 Kh7 28.Nxg7 Kxg7 
29.g5 Qh5 30.Bxf6+ Kf7 31.Re5 Rxe5 32.Qxe5 Qf3 33.Qxc7+ Kg6 34.Qg7+ Kf5 
35.Qh7+ Kxf4 36.Rf1 Rxa3 37.Qc7+ Ke3 38.Rxf3+ Kxf3 39.Qxb6 Ra2 40.Qd4 Re2 
41.Qd3+ Re3 42.Qf5+ Ke2 43.Qc2+ Kf3 44.Qg2+ Kf4 45.Qg4# 1-0

[Event "26th EUR-ch"]
[Site "Katowice POL"]
[Date "2026.04.13"]
[Round "6.219"]
[White "Hrckova, Anna"]
[Black "Sertbay, Huseyin"]
[Result "0-1"]
[WhiteElo "1778"]
[BlackElo "2171"]
[EventDate "2026.04.07"]
[PlyCount "112"]

1.e4 c5 2.c3 d5 3.exd5 Qxd5 4.d4 g6 5.Nf3 Bg7 6.Na3 cxd4 7.Bc4 Qe4+ 8.Be3 
Nh6 9.cxd4 O-O 10.O-O Bg4 11.Ng5 Bxd1 12.Nxe4 Bg4 13.f3 Bd7 14.Rfd1 Nf5 
15.Bf2 Nc6 16.Nc5 Bc8 17.Nc2 Rd8 18.Nb3 Nd6 19.Bd3 Bf5 20.a3 e6 21.Nc5 
Bxd3 22.Rxd3 Rac8 23.Bh4 Re8 24.Bg3 Nf5 25.Nxb7 Na5 26.Nc5 e5 27.b4 exd4 
28.Bf2 Nc6 29.f4 Re2 30.Rc1 Bh6 31.g3 Ne5 32.Rdd1 d3 33.Nd4 Nxd4 34.Nxd3 
Rxc1 35.Nxc1 Nef3+ 36.Kg2 Rc2 37.Nd3 Bg7 38.Ne5 Nxe5 39.fxe5 Bxe5 40.Re1 
f6 41.Rd1 a6 42.Kf1 Nf3 43.Rd8+ Kg7 44.Rd7+ Kh6 45.h3 g5 46.Bc5 Bxg3 47.
Rd3 Nd2+ 48.Ke2 Ne4+ 49.Kd1 Rc3 50.Bf8+ Kg6 51.Rd7 Rxa3 52.Rg7+ Kf5 53.
Rxh7 Ra2 54.Rd7 Nc3+ 55.Kc1 Bf4+ 56.Rd2 Bxd2# 0-1

[Event "26th EUR-ch"]
[Site "Katowice POL"]
[Date "2026.04.13"]
[Round "6.220"]
[White "Demiroz, Alp"]
[Black "Karut, Kacper"]
[Result "0-1"]
[WhiteElo "1762"]
[BlackElo "2159"]
[EventDate "2026.04.07"]
[PlyCount "118"]

1.e4 e5 2.Nf3 Nc6 3.Bb5 f5 4.Nc3 fxe4 5.Nxe4 Nf6 6.Qe2 d5 7.Nxf6+ gxf6 8.
Nd4 Qd6 9.Nxc6 bxc6 10.Qh5+ Kd8 11.Be2 Be6 12.Bg4 Be7 13.O-O Kd7 14.d4 
Rag8 15.Bf5 Bxf5 16.Qxf5+ Qe6 17.Qxe6+ Kxe6 18.Be3 e4 19.f3 f5 20.c4 Bg5 
21.Bxg5 Rxg5 22.fxe4 dxe4 23.Rf4 Rd8 24.Rd1 c5 25.d5+ Ke5 26.Rdf1 Rd6 27.
b3 Ra6 28.R4f2 Rag6 29.g3 h5 30.Rf4 Rh6 31.Rh4 Ra6 32.Rf2 Kd4 33.Kf1 Kd3 
34.Rhf4 Ra3 35.Ke1 a5 36.Rd2+ Kc3 37.Rff2 a4 38.bxa4 Rxa4 39.Rc2+ Kd4 40.
Rfd2+ Ke5 41.Rc3 h4 42.a3 hxg3 43.hxg3 Rh5 44.Kd1 Rh1+ 45.Kc2 Rf1 46.Kb3 
Ra6 47.Re2 Rb6+ 48.Ka4 Rh1 49.Rb3 Rxb3 50.Kxb3 Rh3 51.Ka4 Rxg3 52.Kb5 Rxa3
53.Kxc5 f4 54.Kc6 f3 55.Rc2 Ra7 56.c5 e3 57.Rc3 Kd4 58.d6 cxd6 59.Kb6 Kxc3
0-1

[Event "26th EUR-ch"]
[Site "Katowice POL"]
[Date "2026.04.13"]
[Round "6.221"]
[White "Helis, Tadeusz"]
[Black "Krzeszewski, Filip"]
[Result "1/2-1/2"]
[WhiteElo "2141"]
[BlackElo "1759"]
[EventDate "2026.04.07"]
[PlyCount "82"]

1.Nf3 Nf6 2.c4 g6 3.g3 Bg7 4.Bg2 O-O 5.O-O c6 6.Nc3 d5 7.cxd5 cxd5 8.d4 
Nc6 9.Ne5 Be6 10.Nxc6 bxc6 11.Bf4 Qb6 12.Na4 Qb5 13.Be5 Nd7 14.Bxg7 Kxg7 
15.b3 Rfd8 16.Rc1 Rac8 17.Qd2 c5 18.dxc5 Kg8 19.Qe3 d4 20.Qxd4 Qxe2 21.Nc3
Qh5 22.c6 Ne5 23.Qe4 Nxc6 24.Ne2 Bd5 25.Qxd5 Rxd5 26.Nf4 Qf5 27.Nxd5 Kf8 
28.Ne3 Qe6 29.Bd5 Qd7 30.Rfd1 Qe8 31.Nc4 Nb4 32.Bg2 Nxa2 33.Rc2 Nb4 34.Re2
Rd8 35.Rde1 e6 36.Ra1 Qe7 37.Ne5 Rd6 38.h4 Kg7 39.Re4 Nd5 40.Rea4 a6 41.
Nc4 Rc6 1/2-1/2

[Event "26th EUR-ch"]
[Site "Katowice POL"]
[Date "2026.04.13"]
[Round "6.222"]
[White "Vukazic, Zlatko"]
[Black "Paprocki, Jaroslaw"]
[Result "0-1"]
[WhiteElo "1744"]
[BlackElo "2136"]
[EventDate "2026.04.07"]
[PlyCount "66"]

1.e4 e5 2.Nf3 Nc6 3.d4 exd4 4.Nxd4 Qf6 5.Nb3 Qg6 6.Qe2 Nf6 7.f3 a5 8.a4 
Bb4+ 9.c3 Be7 10.Be3 d5 11.Bc5 dxe4 12.Bxe7 exf3 13.gxf3 Nxe7 14.Na3 O-O 
15.O-O-O Ned5 16.Qd2 Bf5 17.Nd4 c5 18.Nxf5 Qxf5 19.Bd3 Qxf3 20.Kb1 Ne3 21.
Rde1 Rfe8 22.Bb5 Rad8 23.Qe2 Qe4+ 24.Ka2 Re6 25.Qf2 Qd5+ 26.c4 Qg2 27.Qf4 
Rd2 28.Rb1 g6 29.Rhg1 Qxh2 30.Qg5 Qe5 31.Qh4 Ne4 32.Rgc1 Rf6 33.Qe1 Rff2 
0-1

[Event "26th EUR-ch"]
[Site "Katowice POL"]
[Date "2026.04.13"]
[Round "6.223"]
[White "Rajbharath, Harjith"]
[Black "Klementys, Jerzy"]
[Result "1-0"]
[WhiteElo "2132"]
[BlackElo "1733"]
[EventDate "2026.04.07"]
[PlyCount "87"]

1.d4 Nf6 2.c4 g6 3.f3 Bg7 4.e4 d6 5.Ne2 e5 6.d5 c6 7.Be3 cxd5 8.cxd5 h5 9.
h4 a6 10.Nbc3 b5 11.Qd2 Nbd7 12.Nc1 Nb6 13.b4 Qc7 14.Nb3 Nc4 15.Bxc4 Qxc4 
16.Nd1 Qc7 17.Rc1 Qb8 18.Na5 Bd7 19.Nf2 O-O 20.Ke2 Rc8 21.Rxc8+ Qxc8 22.
Rc1 Qd8 23.Nc6 Bxc6 24.Rxc6 Ne8 25.g3 Qd7 26.Kf1 f5 27.Kg2 Bf6 28.Bg5 Bg7 
29.Qc3 Bf8 30.Qa3 Qb7 31.f4 Bg7 32.fxe5 Bxe5 33.exf5 gxf5 34.Nd3 Qf7 35.
Qb3 Qg7 36.Qc2 Qf7 37.Qb3 Qg7 38.Qc2 Qf7 39.Nxe5 dxe5 40.Re6 e4 41.Qc6 Nc7
42.Re7 Qxd5 43.Qg6+ Kf8 44.Qg7# 1-0

[Event "26th EUR-ch"]
[Site "Katowice POL"]
[Date "2026.04.13"]
[Round "6.224"]
[White "Atienza Alvarez, Javier"]
[Black "Gawronski, Michal"]
[Result "1/2-1/2"]
[WhiteElo "2126"]
[BlackElo "1717"]
[EventDate "2026.04.07"]
[PlyCount "144"]

1.d4 d5 2.c4 c6 3.Nf3 Bf5 4.Nc3 e6 5.e3 Nf6 6.Bd3 dxc4 7.Bxc4 b5 8.Bb3 Bb4
9.O-O Bg4 10.Qe2 Bxc3 11.bxc3 Ne4 12.h3 Nxc3 13.Qc2 Bxf3 14.gxf3 Nd5 15.e4
Nb4 16.Qc3 a5 17.a3 N4a6 18.d5 Qf6 19.Qxf6 gxf6 20.dxe6 fxe6 21.Bxe6 Ke7 
22.Ba2 Nd7 23.Kh1 c5 24.Rg1 c4 25.Rg7+ Ke6 26.a4 Nb4 27.axb5 Nxa2 28.Rxa2 
Rhg8 29.Rxg8 Rxg8 30.Rxa5 Ne5 31.Bf4 c3 32.Ra6+ Kd7 33.Bxe5 fxe5 34.Ra2 
Rc8 35.Rc2 Rc5 36.Kg2 Kc7 37.f4 exf4 38.Kf3 Kb6 39.Kxf4 Kxb5 40.e5 Kc4 41.
e6 Kd4 42.e7 Re5 43.Rxc3 Rxe7 44.Re3 Rf7+ 45.Kg3 Rg7+ 46.Kf3 Rf7+ 47.Ke2 
Rf6 48.f3 Rh6 49.Re4+ Kd5 50.h4 Rg6 51.Kf2 Rf6 52.Kg3 Rg6+ 53.Kf4 Rf6+ 54.
Kg4 Rf7 55.Kg3 Rg7+ 56.Kf2 Rf7 57.Ke3 Ra7 58.h5 Rf7 59.f4 Rf5 60.Ra4 Ke6 
61.Ra6+ Kf7 62.Ra7+ Kg8 63.h6 Rf6 64.Rg7+ Kh8 65.Rb7 Rxh6 66.Ke4 Kg8 67.f5
Rf6 68.Ke5 Rf7 69.Rb1 Ra7 70.Kf6 Ra6+ 71.Kg5 h6+ 72.Kh5 Kf7 1/2-1/2

[Event "26th EUR-ch"]
[Site "Katowice POL"]
[Date "2026.04.13"]
[Round "6.225"]
[White "Dovzhenko, Oleksandr"]
[Black "Kozera, Patryk"]
[Result "1-0"]
[WhiteElo "1990"]
[BlackElo "1694"]
[EventDate "2026.04.07"]
[PlyCount "67"]

1.e4 c5 2.b4 cxb4 3.a3 d5 4.exd5 Qxd5 5.Nf3 e5 6.c4 Qe6 7.Bd3 Nf6 8.O-O 
Nc6 9.Bb2 bxa3 10.Nxa3 Bd6 11.Nb5 O-O 12.Re1 Bb8 13.h3 Re8 14.Ra3 a6 15.
Ng5 Qe7 16.Bb1 b6 17.Nc3 Rd8 18.Nd5 Nxd5 19.Bxh7+ Kf8 20.Nxf7 Qxf7 21.cxd5
Qxd5 22.Rf3+ Ke7 23.Qa4 Be6 24.Be4 Qxd2 25.Ba3+ Bd6 26.Rd1 Qa2 27.Qxc6 
Bxa3 28.Qc7+ Rd7 29.Rxd7+ Bxd7 30.Bxa8 Qa1+ 31.Kh2 Bd6 32.Rf7+ Kxf7 33.
Qxd7+ Be7 34.Bd5+ 1-0

[Event "26th EUR-ch"]
[Site "Katowice POL"]
[Date "2026.04.13"]
[Round "6.226"]
[White "Szczypka, Sebastian"]
[Black "Smolinski, Wojciech"]
[Result "0-1"]
[WhiteElo "1717"]
[BlackElo "1989"]
[EventDate "2026.04.07"]
[PlyCount "98"]

1.e4 c5 2.c3 d5 3.exd5 Nf6 4.d4 cxd4 5.cxd4 Nxd5 6.Nc3 Nc6 7.Nf3 Bf5 8.a3 
e6 9.Bb5 Rc8 10.O-O Be7 11.Bxc6+ bxc6 12.Ne5 Nxc3 13.bxc3 Qa5 14.Qf3 Qa6 
15.Qg3 O-O 16.f4 Rfd8 17.Qf3 c5 18.Be3 cxd4 19.Bxd4 Bc5 20.Rfd1 Bxd4+ 21.
Rxd4 Rxd4 22.cxd4 f6 23.Ng4 Qa4 24.Rd1 Be4 25.Qe2 f5 26.Ne3 Qxa3 27.d5 
exd5 28.Qd2 Rc3 29.Kf2 Rd3 30.Qe2 Rxd1 31.Qxd1 Qb2+ 32.Kf1 d4 33.Qa4 h6 
34.Qc4+ Kh7 35.Nd1 Qxg2+ 36.Ke1 d3 37.Nc3 Qg1+ 38.Kd2 Qf2+ 39.Ne2 Qxe2+ 
40.Kc3 Qc2+ 41.Kd4 Qxc4+ 42.Kxc4 d2 43.h4 d1=Q 44.h5 Qd6 45.Kb5 Bd3+ 46.
Ka4 Qb6 47.Ka3 Bc4 48.Ka4 Qb3+ 49.Ka5 Qb5# 0-1

[Event "26th EUR-ch"]
[Site "Katowice POL"]
[Date "2026.04.13"]
[Round "6.227"]
[White "Bialowas, Maria"]
[Black "Zabawski, Grzegorz"]
[Result "0-1"]
[WhiteElo "1671"]
[BlackElo "1984"]
[EventDate "2026.04.07"]
[PlyCount "88"]

1.Nf3 d5 2.g3 Nf6 3.Bg2 Nc6 4.d3 e5 5.O-O Be6 6.e4 dxe4 7.dxe4 Qxd1 8.Rxd1
Bg4 9.c3 Bc5 10.b4 Bd6 11.Re1 h6 12.Na3 O-O-O 13.Nc4 Be6 14.Nxd6+ cxd6 15.
a4 Kb8 16.Ba3 Rd7 17.b5 Na5 18.Bb4 Nc4 19.Rad1 Rhd8 20.a5 d5 21.exd5 Nxd5 
22.Nxe5 Nxe5 23.Bxd5 Rxd5 24.Rxd5 Nf3+ 25.Kf1 Rxd5 26.Re3 Nxh2+ 27.Kg2 Ng4
28.Re2 Rxb5 29.f3 Nf6 30.Kf2 Kc8 31.Rd2 Rh5 32.Bf8 Rh2+ 33.Ke1 Rxd2 34.
Kxd2 Ne8 35.Kd3 h5 36.Kd4 Kd7 37.Kc5 g5 38.Kb4 Nc7 39.c4 h4 40.gxh4 gxh4 
41.Bh6 Kc6 42.Bf4 h3 43.Bh2 Ne8 44.Bb8 Nd6 0-1

[Event "26th EUR-ch"]
[Site "Katowice POL"]
[Date "2026.04.13"]
[Round "6.228"]
[White "Hlavacek, Pavel"]
[Black "Ciupek, Oskar"]
[Result "1/2-1/2"]
[WhiteElo "1982"]
[BlackElo "1682"]
[EventDate "2026.04.07"]
[PlyCount "170"]

1.d4 Nf6 2.c4 g6 3.Nf3 Bg7 4.g3 O-O 5.Bg2 d6 6.O-O Nc6 7.Nc3 Bf5 8.Re1 Ne4
9.Nh4 Nxc3 10.bxc3 Bg4 11.h3 Bd7 12.e4 e5 13.d5 Na5 14.Qd3 b6 15.Nf3 Qc8 
16.Kh2 Qa6 17.Bf1 f5 18.Be3 Rae8 19.Be2 Nb7 20.Ng5 Nc5 21.Bxc5 bxc5 22.Ne6
Bxe6 23.dxe6 Qc8 24.exf5 gxf5 25.Bh5 Rxe6 26.Rab1 e4 27.Qd2 Rh6 28.Bd1 f4 
29.g4 e3 30.fxe3 Be5 31.Qd5+ Kh8 32.exf4 Bxf4+ 33.Kg2 Be5 34.Bf3 Qd8 35.
Rxe5 dxe5 36.Qxe5+ Qf6 37.Qe3 Rg6 38.Be4 Rg7 39.Re1 Rgf7 40.Bf5 Rb8 41.Re2
Qc6+ 42.Be4 Qd6 43.Bd5 Rff8 44.Qe4 Qf6 45.Kg3 Rbe8 46.Qxe8 Qf4+ 47.Kg2 
Rxe8 48.Rxe8+ Kg7 49.Rg8+ Kh6 50.g5+ Kh5 51.Rg7 Qd2+ 52.Kg3 Qe1+ 53.Kf4 
Qh4+ 54.Ke5 Qg3+ 55.Ke4 Qxc3 56.Bf7+ Kh4 57.Rxh7+ Kxg5 58.Rh5+ Kf6 59.Rf5+
Ke7 60.Bd5 Qd4+ 61.Kf3 Qd3+ 62.Kg4 Qe2+ 63.Kg5 Qxa2 64.h4 c6 65.Bxc6 Qxc4 
66.Bd5 Qc1+ 67.Kg6 Qg1+ 68.Rg5 Qb1+ 69.Kg7 Qb2+ 70.Kg8 Qf6 71.Kh7 a5 72.
Rg7+ Kd6 73.Rg6 Qxg6+ 74.Kxg6 Kxd5 75.h5 c4 76.h6 c3 77.h7 c2 78.h8=Q c1=Q
79.Qd8+ Ke4 80.Qa8+ Kf4 81.Qxa5 Qc6+ 82.Kf7 Qd7+ 83.Kf6 Qd6+ 84.Kf7 Qd7+ 
85.Kf6 Qd6+ 1/2-1/2

[Event "26th EUR-ch"]
[Site "Katowice POL"]
[Date "2026.04.13"]
[Round "6.229"]
[White "Spyra, Piotr"]
[Black "Wolynski, Antoni"]
[Result "1-0"]
[WhiteElo "1975"]
[BlackElo "1669"]
[EventDate "2026.04.07"]
[PlyCount "69"]

1.d4 Nf6 2.Nf3 d5 3.e3 Bf5 4.Nh4 Bg6 5.Nxg6 hxg6 6.c4 c6 7.cxd5 cxd5 8.Qb3
Qc7 9.Nc3 e6 10.Bd2 a6 11.Rc1 Nc6 12.g3 Ng4 13.h3 Bd6 14.Ne2 O-O-O 15.Bg2 
Nh6 16.Nf4 Bxf4 17.gxf4 Kb8 18.Bb4 Ka8 19.Bc5 Rc8 20.Kd2 Nf5 21.Bf1 Ncxd4 
22.exd4 Nxd4 23.Qe3 Qa5+ 24.b4 Qxa2+ 25.Kd3 Nb3 26.Rc2 Nxc5+ 27.bxc5 Qb3+ 
28.Kd2 Qb4+ 29.Ke2 d4 30.Qd3 Rh4 31.Bg2 Ka7 32.Rhc1 Rxf4 33.Ra2 Rc7 34.Rb1
Qxb1 35.Qxb1 1-0

[Event "26th EUR-ch"]
[Site "Katowice POL"]
[Date "2026.04.13"]
[Round "6.230"]
[White "Domoradzki, Tomasz"]
[Black "Modzelewski, Filip"]
[Result "0-1"]
[WhiteElo "1662"]
[BlackElo "1971"]
[EventDate "2026.04.07"]
[PlyCount "62"]

1.Nf3 Nf6 2.g3 g6 3.Bg2 Bg7 4.c4 O-O 5.Nc3 d6 6.O-O e5 7.d3 a5 8.a3 Nbd7 
9.Rb1 Nh5 10.e4 Nc5 11.b4 axb4 12.axb4 Ne6 13.Qb3 Kh8 14.Bd2 f5 15.exf5 
gxf5 16.Ra1 Rxa1 17.Rxa1 e4 18.Ne1 f4 19.dxe4 fxg3 20.hxg3 Qf6 21.Nd3 Nxg3
22.fxg3 Qd4+ 23.Kh2 Qxd3 24.Rd1 Nd4 25.Qb1 Nf3+ 26.Bxf3 Qxf3 27.Nd5 Qe2+ 
28.Kh1 Bg4 29.Ne3 Bf3+ 30.Kg1 Bd4 31.Qb3 Qg2# 0-1

[Event "26th EUR-ch"]
[Site "Katowice POL"]
[Date "2026.04.13"]
[Round "6.231"]
[White "Amiridou, Dimitra"]
[Black "Krawczyk, Marcin"]
[Result "1-0"]
[WhiteElo "1965"]
[BlackElo "1663"]
[EventDate "2026.04.07"]
[PlyCount "75"]

1.e4 e5 2.Nf3 Nc6 3.Bb5 a6 4.Ba4 Nf6 5.O-O b5 6.Bb3 Bc5 7.c3 d6 8.a4 Rb8 
9.d4 Bb6 10.Qd3 Bd7 11.axb5 axb5 12.Na3 b4 13.Nc4 Qe7 14.Nxb6 Rxb6 15.Ra8+
Nd8 16.Ng5 O-O 17.f4 bxc3 18.Qxc3 exd4 19.Qc2 Bc6 20.e5 Ne4 21.exd6 cxd6 
22.Ra5 Nxg5 23.Rxg5 Ne6 24.Rg3 Nc5 25.Bc4 Be4 26.Qf2 d5 27.Qxd4 Rg6 28.
Rxg6 hxg6 29.Be2 Ne6 30.Qd1 Qa7+ 31.Kh1 Rc8 32.Bf3 Qa6 33.Re1 Bxf3 34.Qxf3
Qa5 35.Rd1 Rc2 36.Qd3 Rc5 37.b4 Rxc1 38.bxa5 1-0

[Event "26th EUR-ch"]
[Site "Katowice POL"]
[Date "2026.04.13"]
[Round "6.232"]
[White "Babczynski, Zbigniew"]
[Black "Adamczyk, Zuzanna"]
[Result "0-1"]
[WhiteElo "1622"]
[BlackElo "1950"]
[EventDate "2026.04.07"]
[PlyCount "62"]

1.d4 Nf6 2.c4 e6 3.Nc3 Bb4 4.Bg5 d5 5.Nf3 O-O 6.e3 h6 7.Bh4 c6 8.Qc2 Nbd7 
9.cxd5 exd5 10.Bd3 Re8 11.O-O Bd6 12.Rac1 Nf8 13.Kh1 Bg4 14.e4 dxe4 15.
Nxe4 Be7 16.Nxf6+ Bxf6 17.Bxf6 Qxf6 18.Ne5 Be6 19.f4 Bd5 20.Bc4 Rad8 21.a4
Ne6 22.Rcd1 Bxc4 23.Qxc4 Rd5 24.Qb4 Qe7 25.Qc3 Red8 26.Rde1 Qc7 27.f5 Nxd4
28.Ng4 Rxf5 29.Rxf5 Nxf5 30.Rf1 Qf4 31.Nf2 Qxf2 0-1

[Event "26th EUR-ch"]
[Site "Katowice POL"]
[Date "2026.04.13"]
[Round "6.233"]
[White "Galuszka, Leon"]
[Black "Czyz, Andrzej"]
[Result "0-1"]
[WhiteElo "1595"]
[BlackElo "1936"]
[EventDate "2026.04.07"]
[PlyCount "112"]

1.d4 e6 2.c4 d5 3.Nc3 Nf6 4.cxd5 exd5 5.Bg5 Be7 6.e3 h6 7.Bh4 c6 8.Nf3 Bg4
9.Be2 Nbd7 10.O-O Nh5 11.Bxe7 Qxe7 12.Ne5 Bxe2 13.Qxe2 Nhf6 14.Nxd7 Nxd7 
15.Rfe1 O-O 16.Rac1 Nf6 17.e4 dxe4 18.Nxe4 Rfd8 19.Nxf6+ Qxf6 20.Rcd1 Rxd4
21.Rxd4 Qxd4 22.Rd1 Qb6 23.h3 Rd8 24.Rxd8+ Qxd8 25.Qe3 b6 26.Qa3 Qd7 27.
Qc3 Qd5 28.a3 c5 29.Qg3 Qd7 30.Qb8+ Kh7 31.Qe5 Qe6 32.Qc3 Qe2 33.g3 Qd1+ 
34.Kg2 Qd5+ 35.Kg1 c4 36.Qc2+ g6 37.Qc3 b5 38.Qb4 h5 39.h4 a6 40.Qc3 Kg8 
41.Kf1 Qd1+ 42.Kg2 Qd6 43.Kf3 f6 44.Ke4 Qe6+ 45.Kf3 Qd5+ 46.Ke3 Kf7 47.f4 
Ke6 48.Kf2 Kf5 49.Qe3 Qe4 50.Qc5+ Kg4 51.Qc8+ f5 52.Qxa6 Qf3+ 53.Ke1 Qxg3+
54.Ke2 Kxh4 55.Qd6 Qd3+ 56.Qxd3 cxd3+ 0-1

[Event "26th EUR-ch"]
[Site "Katowice POL"]
[Date "2026.04.13"]
[Round "6.234"]
[White "Kasperczyk, Szymon"]
[Black "Tendera, Jan"]
[Result "1/2-1/2"]
[WhiteElo "1910"]
[BlackElo "1630"]
[EventDate "2026.04.07"]
[PlyCount "111"]

1.d4 Nf6 2.c4 g6 3.Nc3 d5 4.cxd5 Nxd5 5.Nf3 Bg7 6.h3 Nxc3 7.bxc3 c5 8.e3 
O-O 9.Bd3 Nd7 10.O-O b6 11.e4 Bb7 12.e5 Nb8 13.Be3 Qc7 14.Qe2 Rd8 15.Rfd1 
Nc6 16.Be4 Na5 17.Bxb7 Nxb7 18.Ng5 h6 19.Nf3 f6 20.Bf4 Qc6 21.h4 g5 22.
hxg5 hxg5 23.Be3 Qe6 24.Qa6 Qc6 25.Qc4+ Qd5 26.Qxd5+ Rxd5 27.dxc5 Rxd1+ 
28.Rxd1 Nxc5 29.Bxc5 bxc5 30.Rd7 g4 31.Nd2 Kf7 32.Ne4 f5 33.Nxc5 Bxe5 34.
Rd5 Bxc3 35.Rxf5+ Bf6 36.Rf4 Rg8 37.g3 Rg5 38.Nb3 a5 39.Kf1 Ke6 40.Ke2 
Re5+ 41.Kd3 Rg5 42.Kc4 Kd6 43.a4 Be5 44.Rf8 Bf6 45.Rd8+ Kc6 46.Ra8 Rf5 47.
Rxa5 Rxf2 48.Rc5+ Kb7 49.Rb5+ Ka7 50.Nc5 Rd2 51.Rb7+ Ka8 52.Rb3 Ka7 53.
Rb7+ Ka8 54.Rb4 Ka7 55.Rb7+ Ka8 56.Rb3 1/2-1/2

[Event "26th EUR-ch"]
[Site "Katowice POL"]
[Date "2026.04.13"]
[Round "6.235"]
[White "Sowa, Maciej"]
[Black "Spanos, Nomikos"]
[Result "1-0"]
[WhiteElo "1544"]
[BlackElo "1885"]
[EventDate "2026.04.07"]
[PlyCount "81"]

1.e4 e5 2.Nf3 Nc6 3.Bc4 Nf6 4.d3 h6 5.Nbd2 d6 6.c3 g5 7.h3 Bg7 8.Nf1 Qe7 
9.Bd2 a6 10.Bb3 Na5 11.Bc2 c5 12.Qe2 Nc6 13.Ne3 Be6 14.Bb3 Na5 15.Nd5 Bxd5
16.Bxd5 Nc6 17.Nh2 Qd7 18.Bb3 O-O-O 19.Ng4 Nxg4 20.Qxg4 Qxg4 21.hxg4 Rhf8 
22.Be3 Ne7 23.O-O-O b6 24.d4 exd4 25.cxd4 Nc6 26.dxc5 dxc5 27.Rxd8+ Kxd8 
28.Bc4 a5 29.Bd2 Ke7 30.Bc3 Nd4 31.Bxd4 cxd4 32.a4 Kd6 33.Kd2 Ke5 34.Kd3 
Kf4 35.Rh3 Kxg4 36.Rf3 f6 37.Be6+ Kh5 38.Bf5 g4 39.Rg3 Bh8 40.Rxg4 Rf7 41.
g3 1-0

[Event "26th EUR-ch"]
[Site "Katowice POL"]
[Date "2026.04.13"]
[Round "6.236"]
[White "Lewinski, Leon"]
[Black "Zelak, Wladyslaw"]
[Result "0-1"]
[WhiteElo "1541"]
[BlackElo "1866"]
[EventDate "2026.04.07"]
[PlyCount "78"]

1.e4 c5 2.Nc3 Nc6 3.g3 g6 4.d3 Bg7 5.Bg2 d6 6.f4 Rb8 7.Nf3 Nf6 8.h3 Nd4 9.
O-O Nh5 10.Kh2 e5 11.fxe5 dxe5 12.Nd5 Ne6 13.Qe2 O-O 14.g4 Nhf4 15.Bxf4 
Nxf4 16.Nxf4 exf4 17.c3 b5 18.Qd2 g5 19.Rac1 Bb7 20.Rfe1 Re8 21.Re2 Qd6 
22.Kh1 h6 23.Ne1 Rbd8 24.Rd1 a5 25.Nc2 f3 26.Bxf3 Qg3 27.Bg2 Be5 28.Bf1 
Bf4 29.Qe1 Rxe4 30.Qxg3 Rxe2+ 31.Kg1 Rxc2 32.Qf2 Rxf2 33.Kxf2 b4 34.d4 
cxd4 35.cxd4 Bd5 36.b3 Rc8 37.Bd3 Rc3 38.Ke2 Bg2 39.Bc4 Bf3+ 0-1

[Event "26th EUR-ch"]
[Site "Katowice POL"]
[Date "2026.04.13"]
[Round "6.240"]
[White "Varney, Zoe"]
[Black "Stawecki, Bartlomiej"]
[Result "1-0"]
[WhiteElo "1988"]
[BlackElo "1776"]
[EventDate "2026.04.07"]
[PlyCount "115"]

1.e4 c5 2.Nf3 Nc6 3.Bb5 e6 4.Bxc6 bxc6 5.d3 Ne7 6.O-O d6 7.h3 Ng6 8.Nc3 e5
9.Ne2 Be7 10.Nh2 O-O 11.f4 exf4 12.Nxf4 Nxf4 13.Bxf4 d5 14.Qf3 Bg5 15.Rae1
Bxf4 16.Qxf4 Be6 17.b3 c4 18.Nf3 cxd3 19.cxd3 dxe4 20.dxe4 a5 21.Ng5 Qe7 
22.Rd1 a4 23.Nxe6 Qxe6 24.Rd6 Qc8 25.e5 axb3 26.axb3 Qb8 27.Qc4 Qb5 28.
Rxc6 Qxe5 29.Rc7 Qe6 30.Qxe6 fxe6 31.Rxf8+ Rxf8 32.Rc3 e5 33.Rf3 Rd8 34.
Re3 Rd5 35.Kf2 Kf7 36.Kf3 Kf6 37.Rc3 Rd2 38.g4 Rh2 39.Ke4 Rd2 40.Rc6+ Ke7 
41.Kxe5 Rd3 42.Rc7+ Ke8 43.Rxg7 Rxh3 44.b4 h5 45.gxh5 Rxh5+ 46.Kd6 Rh6+ 
47.Kc7 Rh5 48.Rg8+ Ke7 49.Rb8 Rh4 50.b5 Rc4+ 51.Kb7 Kd7 52.b6 Ra4 53.Rh8 
Ra1 54.Kb8 Rb1 55.b7 Ra1 56.Rh2 Rd1 57.Ra2 Rd3 58.Ka7 1-0

[Event "26th EUR-ch"]
[Site "Katowice POL"]
[Date "2026.04.13"]
[Round "6.241"]
[White "Pilch, Anna"]
[Black "Smolin, Sergey"]
[Result "0-1"]
[WhiteElo "1699"]
[BlackElo "1962"]
[EventDate "2026.04.07"]
[PlyCount "66"]

1.e4 g6 2.d4 Bg7 3.Nc3 a6 4.Be3 b5 5.Qd2 Bb7 6.f3 d6 7.h4 h6 8.Nh3 Nd7 9.
Ne2 c5 10.c3 Qc7 11.a4 bxa4 12.Rxa4 Nb6 13.Ra1 Nc4 14.Qc1 Nxe3 15.Qxe3 Nf6
16.d5 Nd7 17.h5 g5 18.Ng3 Qb6 19.Qd2 Be5 20.f4 gxf4 21.Nxf4 Bxf4 22.Qxf4 
Qxb2 23.Rc1 Ne5 24.Be2 Rg8 25.Rf1 Rxg3 26.Qxg3 Qxc1+ 27.Kf2 Qg5 28.Qh2 Bc8
29.Kg1 Rb8 30.g3 Kf8 31.Qf2 Rb2 32.Qe1 Qe3+ 33.Rf2 Nf3+ 0-1

[Event "26th EUR-ch"]
[Site "Katowice POL"]
[Date "2026.04.13"]
[Round "6.242"]
[White "Sopel, Jonatan Jan"]
[Black "Pyrek, Marcin"]
[Result "0-1"]
[WhiteElo "1433"]
[BlackElo "1855"]
[EventDate "2026.04.07"]
[PlyCount "68"]

1.Nc3 d5 2.d4 Nf6 3.Bf4 c6 4.Nf3 Bf5 5.e3 Nbd7 6.Bd3 e6 7.O-O Be7 8.h3 Bg6
9.Bh2 a6 10.Ne2 c5 11.c3 Bxd3 12.Qxd3 c4 13.Qc2 Ne4 14.Ng3 f5 15.Ne2 O-O 
16.Nf4 Rf6 17.Nd2 Nxd2 18.Qxd2 g5 19.Ne2 h5 20.h4 Rg6 21.hxg5 Bxg5 22.Nf4 
Bxf4 23.Bxf4 Qh4 24.Qe2 Kh7 25.Qf3 Rag8 26.g3 Nf6 27.Qg2 Ne4 28.Rad1 Ng5 
29.Bxg5 Qxg5 30.Kh1 h4 31.Qh2 Rh6 32.Kg2 hxg3 33.Qxg3 Qh4 34.Qxg8+ Kxg8 
0-1

[Event "26th EUR-ch"]
[Site "Katowice POL"]
[Date "2026.04.13"]
[Round "6.243"]
[White "Janik, Albert"]
[Black "Rudowski, Szymon"]
[Result "1-0"]
[WhiteElo "1668"]
[BlackElo "1809"]
[EventDate "2026.04.07"]
[PlyCount "107"]

1.c4 Nf6 2.Nc3 g6 3.g3 Bg7 4.Bg2 O-O 5.e4 d6 6.Nge2 e5 7.O-O Nbd7 8.d3 a5 
9.f4 c6 10.h3 b5 11.cxb5 cxb5 12.a3 Ba6 13.b4 Rc8 14.f5 d5 15.g4 Qb6+ 16.
Kh1 gxf5 17.g5 Ne8 18.Nxd5 Qd8 19.exf5 f6 20.g6 Nd6 21.gxh7+ Kh8 22.Ng3 
Rf7 23.Ne4 Nxe4 24.dxe4 Nb6 25.Nxb6 Qxb6 26.Qf3 Rfc7 27.Be3 Qd6 28.Rad1 
Qf8 29.Bc5 Qe8 30.Rd6 Rc6 31.Rfd1 Bf8 32.Rxc6 Rxc6 33.Bxf8 Qxf8 34.Qg3 
axb4 35.axb4 Rc7 36.Qa3 Bb7 37.Qa5 Qc8 38.Qxb5 Rxh7 39.Qb6 Kg7 40.Qd6 Qf8 
41.Kg1 Kg8 42.Qb6 Qe7 43.Qd8+ Qxd8 44.Rxd8+ Kg7 45.Rd7+ Kh6 46.Rxh7+ Kxh7 
47.h4 Ba6 48.Bf1 Bb7 49.Bd3 Kh6 50.Kf2 Kh5 51.Kg3 Bc6 52.b5 Bb7 53.Be2+ 
Kh6 54.Bf3 1-0

[Event "26th EUR-ch"]
[Site "Katowice POL"]
[Date "2026.04.13"]
[Round "6.244"]
[White "Jaworski, Pawel"]
[Black "Zyznowski, Adam"]
[Result "0-1"]
[WhiteElo "1566"]
[BlackElo "1599"]
[EventDate "2026.04.07"]
[PlyCount "86"]

1.Nf3 d5 2.e3 Nf6 3.c4 c6 4.b3 e6 5.Bb2 Nbd7 6.d3 Bd6 7.Nbd2 e5 8.h3 O-O 
9.Be2 Re8 10.O-O Nf8 11.cxd5 cxd5 12.e4 d4 13.Nc4 Ng6 14.Nxd6 Qxd6 15.Nd2 
Nf4 16.Nc4 Qd8 17.Bc1 Nxe2+ 18.Qxe2 Re6 19.f4 Nd7 20.f5 Rc6 21.Qg4 Qc7 22.
Qg3 b5 23.Nd2 Bb7 24.Nf3 f6 25.Qe1 Rc3 26.Qe2 Rc2 27.Qd1 Qc3 28.Rf2 Rxf2 
29.Bd2 Rxd2 30.Nxd2 Rc8 31.Nf3 b4 32.Qe2 Qxa1+ 33.Kh2 Qc1 34.Nh4 Rc2 35.
Qf3 Qf4+ 36.Qxf4 exf4 37.Nf3 Rxa2 38.Nxd4 Ne5 39.Ne6 f3 40.Nf4 f2 41.d4 
f1=Q 42.dxe5 Qxf4+ 43.Kg1 Ra1# 0-1

[Event "26th EUR-ch"]
[Site "Katowice POL"]
[Date "2026.04.13"]
[Round "6.248"]
[White "Nowak, Lukasz"]
[Black "Ciborowski, Konrad jr"]
[Result "1-0"]
[WhiteElo "2166"]
[BlackElo "1948"]
[EventDate "2026.04.07"]
[PlyCount "91"]

1.e4 c5 2.Nf3 d6 3.d4 cxd4 4.Nxd4 Nf6 5.Nc3 a6 6.Qd3 e5 7.Nf5 Bxf5 8.exf5 
d5 9.Bg5 Bb4 10.O-O-O Bxc3 11.Qxc3 Nc6 12.Qb3 Qc8 13.Bxf6 gxf6 14.Rxd5 Nd4
15.Qd3 Qc6 16.Qc4 Qxc4 17.Bxc4 Nxf5 18.Rhd1 O-O 19.Bd3 Nd4 20.Rd6 Kg7 21.
Be4 Rac8 22.c3 Rc7 23.Rb6 Rb8 24.Kb1 Ne6 25.Bf5 Rd8 26.Rxd8 Nxd8 27.Be4 
Rd7 28.Kc2 h6 29.g4 Re7 30.f3 Re6 31.Rxe6 fxe6 32.b4 Kf7 33.c4 Ke7 34.c5 
Kd7 35.Kd3 Kc7 36.a4 Nc6 37.Bxc6 bxc6 38.h4 a5 39.bxa5 Kb7 40.g5 fxg5 41.
hxg5 hxg5 42.Ke4 Ka6 43.Kxe5 Kxa5 44.Kxe6 Kxa4 45.Kd7 Kb5 46.Kd6 1-0